Evidence-based reading practices for response to intervention / (Record no. 711)

MARC details
000 -LEADER
fixed length control field 00770nam a2200229 4500
003 - CONTROL NUMBER IDENTIFIER
control field OSt
005 - DATE AND TIME OF LATEST TRANSACTION
control field 20240614063357.0
008 - FIXED-LENGTH DATA ELEMENTS--GENERAL INFORMATION
fixed length control field 240614b |||||||| |||| 00| 0 eng d
020 ## - INTERNATIONAL STANDARD BOOK NUMBER
International Standard Book Number 9781557668288
040 ## - CATALOGING SOURCE
Original cataloging agency DWCL-Main lib.
Transcribing agency OC
082 ## - DEWEY DECIMAL CLASSIFICATION NUMBER
Classification number Circ. 371.9144 E92r 2007
006 - FIXED-LENGTH DATA ELEMENTS--ADDITIONAL MATERIAL CHARACTERISTICS
fixed length control field a
111 ## - MAIN ENTRY--MEETING NAME
Meeting name or jurisdiction name as entry element Diane Haager, Janette Klinger and Sharon Vaughn
245 ## - TITLE STATEMENT
Title Evidence-based reading practices for response to intervention /
260 ## - PUBLICATION, DISTRIBUTION, ETC.
Place of publication, distribution, etc. Maryland :
Name of publisher, distributor, etc. Paul H. Brooke’s Pub.,
Date of publication, distribution, etc. c2007.
300 ## - PHYSICAL DESCRIPTION
Extent xiv,
Other physical details 336 p. : ill. ;
Dimensions 23 cm.
504 ## - BIBLIOGRAPHY, ETC. NOTE
Bibliography, etc. note Includes bibliographical references & index.
650 ## - SUBJECT ADDED ENTRY--TOPICAL TERM
Topical term or geographic name entry element 1. Development reading.
650 ## - SUBJECT ADDED ENTRY--TOPICAL TERM
Topical term or geographic name entry element 2. Reading disability.
711 ## - ADDED ENTRY--MEETING NAME
Meeting name or jurisdiction name as entry element Diane Haager, Janette Klinger and Sharon Vaughn
942 ## - ADDED ENTRY ELEMENTS (KOHA)
Source of classification or shelving scheme Dewey Decimal Classification
Suppress in OPAC No
Koha item type Book Circulation
Call number prefix Circ.
Holdings
Withdrawn status Lost status Source of classification or shelving scheme Damaged status Not for loan Home library Current library Date acquired Source of acquisition Total Checkouts Full call number Barcode Date last seen Copy number Price effective from Koha item type Uniform Resource Identifier
    Dewey Decimal Classification     College Library College Library 03/06/2013 School Fund   Circ. 371.9144 E92r 2007 49864 06/14/2024 c1 06/14/2024 Book Circulation